A practical understanding of the law (Record no. 78922)
[ view plain ]
| 000 -LEADER | |
|---|---|
| fixed length control field | 01345cab a22002655a 4500 |
| 001 - CONTROL NUMBER | |
| control field | L138611 |
| 008 - FIXED-LENGTH DATA ELEMENTS--GENERAL INFORMATION | |
| fixed length control field | 070626s2007 xxk 000 0 eng d |
| 035 ## - SYSTEM CONTROL NUMBER | |
| System control number | (Sirsi) u138611 |
| 041 0# - LANGUAGE CODE | |
| Language code of text/sound track or separate title | eng |
| 110 2# - MAIN ENTRY--CORPORATE NAME | |
| Corporate name or jurisdiction name as entry element | Pearson, David |
| 245 02 - TITLE STATEMENT | |
| Title | A practical understanding of the law |
| Remainder of title | part 5 |
| 260 ## - PUBLICATION, DISTRIBUTION, ETC. | |
| Date of publication, distribution, etc. | 2007 |
| 490 ## - SERIES STATEMENT | |
| Series statement | Facilities Management |
| Volume/sequential designation | 14(9) June 2007, 16-17(2) |
| 520 ## - SUMMARY, ETC. | |
| Summary, etc. | Examines the certainty precept and the principles on delivery of, and payment for, goods and services. Disputes arise from the question of what is sufficient certainty in contract. Spelling out the terms of an agreement is a narrow yet well established approach, co-existing with a more realistic and commercially oriented approach. This might mean reference to more open contract clauses, or to previous agreements between the same parties. Considers conditions where services supplied may be unacceptable. Provides advice for facilities managers, and recommendations for fulfilling contract. Refers to landmark case law. |
| 590 ## - LOCAL NOTE (RLIN) | |
| Local note | KA |
| 650 24 - SUBJECT ADDED ENTRY--TOPICAL TERM | |
| Topical term or geographic name entry element | BOLTON V MAHADEVA |
| 650 24 - SUBJECT ADDED ENTRY--TOPICAL TERM | |
| Topical term or geographic name entry element | CUTTER V POWELL |
| 650 24 - SUBJECT ADDED ENTRY--TOPICAL TERM | |
| Topical term or geographic name entry element | HILLAS V ARCOS |
| 650 24 - SUBJECT ADDED ENTRY--TOPICAL TERM | |
| Topical term or geographic name entry element | LOFTUS V ROBERTS |
| 650 24 - SUBJECT ADDED ENTRY--TOPICAL TERM | |
| Topical term or geographic name entry element | PLANCHE V COLBURN |
| 650 24 - SUBJECT ADDED ENTRY--TOPICAL TERM | |
| Topical term or geographic name entry element | SCAMMELL V OUSTON |
| 651 #4 - SUBJECT ADDED ENTRY--GEOGRAPHIC NAME | |
| Geographic name | England and Wales |
| Chronological subdivision | 1543- |
| 690 ## - LOCAL SUBJECT ADDED ENTRY--TOPICAL TERM (OCLC, RLIN) | |
| Topical term or geographic name as entry element | MANAGEMENT-DISPUTE AVOIDANCE, MANAGEMENT AND RESOLUTION |
| 942 ## - ADDED ENTRY ELEMENTS (KOHA) | |
| Suppress in OPAC | 0 |
| Withdrawn status | Lost status | Source of classification or shelving scheme | Damaged status | Not for loan | Home library | Current library | Shelving location | Date acquired | Total Checkouts | Full call number | Barcode | Date last seen | Copy number | Price effective from | Koha item type |
|---|---|---|---|---|---|---|---|---|---|---|---|---|---|---|---|
| Dewey Decimal Classification | London | London | Journal article | 26/06/2007 | L138611 | 138611-1001 | 06/08/2019 | 1 | 06/08/2019 | Journal article |